<?xml version="1.0" encoding="UTF-8"?>
<collection xmlns="http://www.loc.gov/MARC21/slim">
  <record>
    <leader>00000nam  2200000   4500</leader>
    <controlfield tag="001">INLIS000000000007875</controlfield>
    <controlfield tag="005">20260202105854</controlfield>
    <datafield tag="035" ind1="#" ind2="#">
      <subfield code="a">0010-0226000023</subfield>
    </datafield>
    <controlfield tag="007">ta</controlfield>
    <controlfield tag="008">260202###########################0#eng##</controlfield>
    <datafield tag="082" ind1="#" ind2="#">
      <subfield code="a">614.021</subfield>
    </datafield>
    <datafield tag="084" ind1="#" ind2="#">
      <subfield code="a">614.021 SEA</subfield>
    </datafield>
    <datafield tag="245" ind1="#" ind2="#">
      <subfield code="a">Seamic Health Statistics 2000</subfield>
    </datafield>
    <datafield tag="260" ind1="#" ind2="#">
      <subfield code="a">Tokyo :</subfield>
      <subfield code="b">Seamic International Foundation of Japan,</subfield>
      <subfield code="c">2000</subfield>
    </datafield>
    <datafield tag="300" ind1="#" ind2="#">
      <subfield code="a">282 hal :</subfield>
      <subfield code="b">ilus ;</subfield>
      <subfield code="c">23 cm</subfield>
    </datafield>
    <datafield tag="856" ind1="#" ind2="#">
      <subfield code="a">Perpustakaan KEMENDUKBANGGA/BKKBN</subfield>
    </datafield>
  </record>
</collection>
